[Event "16th EUR-ch"]
[Site "Jerusalem ISR"]
[Date "2015.03.06"]
[Round "10"]
[White "Feldman, Antony"]
[Black "Travinsky, Mark"]
[Result "1-0"]
[WhiteElo "1807"]
[BlackElo "1958"]
[EventDate "2015.02.24"]
[PlyCount "141"]

1.Nf3 c5 2.g3 Nc6 3.d4 cxd4 4.Nxd4 g6 5.Bg2 Bg7 6.Nb3 Nf6 7.O-O d5 8.Nc3 
e6 9.e4 dxe4 10.Qxd8+ Nxd8 11.Nxe4 Nxe4 12.Bxe4 O-O 13.c3 Nc6 14.Be3 a5 
15.a4 e5 16.f4 exf4 17.Bxf4 Re8 18.Bg2 Bf8 19.Rad1 Bf5 20.Bd6 Bc2 21.Bd5 
Bxd6 22.Bxf7+ Kg7 23.Rxd6 Re7 24.Rd2 Rd8 25.Rxc2 Rxf7 26.Rxf7+ Kxf7 27.
Rf2+ Ke7 28.Re2+ Kf6 29.Nc5 Rd1+ 30.Kg2 Nd8 31.Ne4+ Kf5 32.g4+ Kf4 33.Nf2 
Ra1 34.Re4+ Kg5 35.Re5+ Kf4 36.Nd3+ Kxg4 37.h3+ Kh4 38.Ne1 g5 39.Nf3+ Kh5 
40.Rxg5+ Kh6 41.Rxa5 Ra2 42.Rb5 Rxa4 43.Kg3 Re4 44.Nd4 Kg6 45.Rb6+ Kf7 46.
Rh6 Kg7 47.Rd6 Nf7 48.Rd7 Re3+ 49.Kg2 Kf6 50.Rxb7 h5 51.Rb6+ Kg5 52.Nf3+ 
Kf5 53.Nd4+ Ke4 54.Re6+ Ne5 55.Nc6 Re2+ 56.Kf1 Rxb2 57.Rxe5+ Kd3 58.Rxh5 
Kxc3 59.Rh8 Kd3 60.h4 Ke4 61.Ne7 Ke5 62.Rf8 Rh2 63.Ng6+ Ke6 64.Rf2 Rh1+ 
65.Kg2 Ra1 66.Rf4 Ra8 67.Kh3 Rg8 68.h5 Ra8 69.Kg4 Ra5 70.h6 Ra7 71.h7 1-0

[Event "16th EUR-ch"]
[Site "Jerusalem ISR"]
[Date "2015.03.06"]
[Round "10"]
[White "Vardi, Shlomit"]
[Black "Cohen Revivo, Shoham"]
[Result "1-0"]
[WhiteElo "1945"]
[BlackElo "1838"]
[EventDate "2015.02.24"]
[PlyCount "73"]

1.e4 e6 2.d3 d5 3.Nd2 Nc6 4.Ngf3 b6 5.c3 Bb7 6.Qa4 g5 7.d4 Bg7 8.Bb5 Ne7 
9.Nxg5 a6 10.Bd3 Ng6 11.Ndf3 b5 12.Qc2 h6 13.Nxe6 fxe6 14.exd5 Nge7 15.
dxc6 Bxc6 16.Be4 Nd5 17.Bg6+ Kd7 18.Ne5+ Bxe5 19.dxe5 Qf8 20.Be4 Qg7 21.f4
Raf8 22.a4 Qg4 23.axb5 axb5 24.O-O h5 25.c4 bxc4 26.Qxc4 Rfg8 27.Bf3 Qg7 
28.Rd1 h4 29.Ra6 Bb7 30.Ra7 Kc8 31.Qa4 Kb8 32.Be3 h3 33.Ra1 Qxg2+ 34.Bxg2 
Rxg2+ 35.Kh1 Nb6 36.Bxb6 cxb6 37.Qd7 1-0

[Event "16th EUR-ch"]
[Site "Jerusalem ISR"]
[Date "2015.03.06"]
[Round "10"]
[White "Yaniv, Ori"]
[Black "Iliaguev, Nisim"]
[Result "0-1"]
[WhiteElo "1579"]
[BlackElo "1926"]
[EventDate "2015.02.24"]
[PlyCount "138"]

1.e4 c5 2.Nf3 d6 3.d4 cxd4 4.Qxd4 a6 5.c4 Nc6 6.Qd2 Nf6 7.Nc3 g6 8.b3 Bg7 
9.Bb2 O-O 10.Be2 Qa5 11.Rb1 Ng4 12.O-O f5 13.exf5 Bxf5 14.Bd3 Kh8 15.Bxf5 
Rxf5 16.Nd5 Qxd2 17.Nxd2 Raf8 18.Bxg7+ Kxg7 19.Nf3 R8f7 20.h3 Nge5 21.Nxe5
Nxe5 22.f4 Nd3 23.g4 Rxd5 24.cxd5 Nxf4 25.Rbd1 Nxh3+ 26.Kg2 Nf4+ 27.Kg3 g5
28.Rf2 Rf6 29.Rdd2 Rf8 30.Rf3 Rc8 31.Re3 Kf7 32.b4 Rc1 33.Kh2 Rc4 34.a3 
Ng6 35.Kh3 Rf4 36.Rg3 Rc4 37.Re3 b5 38.Rg3 Ne5 39.Rgg2 h6 40.Rc2 Rd4 41.
Rcd2 Nd3 42.Kg3 Rxd5 43.Rgf2+ Nxf2 44.Rxd5 Ne4+ 45.Kf3 Nf6 46.Rd3 Ke6 47.
Rc3 Kd7 48.Rc2 e5 49.Rh2 Ng8 50.Ke4 Ke6 51.Rc2 Nf6+ 52.Kf3 Kd7 53.Rh2 e4+ 
54.Kg3 Ng8 55.Kf2 Ke6 56.Ke3 Ke5 57.Rf2 Nf6 58.Rf5+ Ke6 59.Rf1 Nxg4+ 60.
Kxe4 Nf6+ 61.Kd4 h5 62.Rg1 g4 63.Ke3 Kf5 64.Rf1+ Ke5 65.Rd1 d5 66.Rc1 h4 
67.Rc6 h3 68.Kf2 Ne4+ 69.Kg1 g3 0-1

[Event "16th EUR-ch"]
[Site "Jerusalem ISR"]
[Date "2015.03.06"]
[Round "10"]
[White "Kneler, Boris"]
[Black "Abend, Ilay"]
[Result "1/2-1/2"]
[WhiteElo "2025"]
[BlackElo "1725"]
[EventDate "2015.02.24"]
[PlyCount "54"]

1.Nf3 Nf6 2.c4 e6 3.g3 d5 4.Bg2 c5 5.cxd5 exd5 6.d4 b6 7.O-O Be7 8.Ne5 O-O
9.Nc3 Bb7 10.e3 Nc6 11.f4 cxd4 12.Nxc6 Bxc6 13.exd4 Re8 14.Qd3 Qd7 15.h3 
Bb4 16.Bd2 Rac8 17.Rfe1 Bxc3 18.Bxc3 Bb5 19.Qc2 Ne4 20.Re3 Nxc3 21.Rxc3 
Rc4 22.Qd2 g6 23.Re3 Rec8 24.Rae1 Rc2 25.Qb4 R2c4 26.Qd2 Rc2 27.Qb4 R2c4 
1/2-1/2

[Event "16th EUR-ch"]
[Site "Jerusalem ISR"]
[Date "2015.03.06"]
[Round "10"]
[White "Belokopyt, Boris"]
[Black "Gorodetzky, Matan"]
[Result "0-1"]
[WhiteElo "1956"]
[BlackElo "1733"]
[EventDate "2015.02.24"]
[PlyCount "94"]

1.e4 e6 2.d4 d5 3.exd5 exd5 4.Bd3 Bd6 5.Nf3 Nc6 6.c3 Bg4 7.h3 Bh5 8.g4 Bg6
9.Bxg6 hxg6 10.Qb3 Qe7+ 11.Kf1 O-O-O 12.Kg2 Qd7 13.Bg5 f6 14.Bh4 Nge7 15.
Bg3 f5 16.Bxd6 fxg4 17.Ng5 gxh3+ 18.Nxh3 Qxd6 19.Qd1 Rh4 20.Qf3 Rdh8 21.
Nd2 g5 22.Nxg5 Rh2+ 23.Rxh2 Qxh2+ 24.Kf1 Qh1+ 25.Ke2 Qxa1 26.Ne6 Nd8 27.
Nc5 Qg1 28.c4 Qg6 29.cxd5 Nf5 30.Ndb3 Re8+ 31.Kd1 Nd6 32.Nd2 Qf5 33.Qa3 
Kb8 34.Qb3 Qg4+ 35.f3 Qxd4 36.Na6+ Kc8 37.Nb4 a5 38.Nd3 a4 39.Qc3 Qxc3 40.
bxc3 c6 41.Nc5 cxd5 42.Nxa4 Nc4 43.Nxc4 dxc4 44.Nb6+ Kc7 45.Nxc4 Nc6 46.
Nd2 Ne5 47.Kc2 Rf8 0-1

[Event "16th EUR-ch"]
[Site "Jerusalem ISR"]
[Date "2015.03.06"]
[Round "10"]
[White "Freiman, Mark"]
[Black "Lukin, Elisha"]
[Result "1-0"]
[WhiteElo "1873"]
[BlackElo "1721"]
[EventDate "2015.02.24"]
[PlyCount "91"]

1.e4 e6 2.d4 d5 3.e5 c5 4.c3 Nc6 5.Nf3 Qb6 6.a3 Nh6 7.Be2 cxd4 8.cxd4 Nf5 
9.O-O Nfxd4 10.b4 Nf5 11.Bb2 Bd7 12.Qd3 Nfe7 13.Nbd2 Ng6 14.g3 Be7 15.Rac1
a6 16.Nb3 O-O 17.h4 Rfc8 18.h5 Nf8 19.Qd2 h6 20.Bd3 Qa7 21.Kg2 Nh7 22.Nh2 
b6 23.Ng4 Ng5 24.f4 Ne4 25.Qe2 Bf8 26.Ne3 Ne7 27.g4 Qb7 28.Kh2 f5 29.exf6 
Nxf6 30.Be5 Rxc1 31.Rxc1 Nc6 32.Bxf6 gxf6 33.Bb1 Bd6 34.Ng2 Nd8 35.Kh3 e5 
36.Qd3 e4 37.Qd4 Kf7 38.Bxe4 dxe4 39.Qxd6 Ne6 40.Nd4 Nxd4 41.Rc7 Qxc7 42.
Qxc7 Ke7 43.Ne3 Rc8 44.Qxb6 Ne6 45.Nd5+ Kf7 46.Qd6 1-0

[Event "16th EUR-ch"]
[Site "Jerusalem ISR"]
[Date "2015.03.06"]
[Round "10"]
[White "Rave, Avraham"]
[Black "Fainman, Tomer"]
[Result "1-0"]
[WhiteElo "1824"]
[BlackElo "1571"]
[EventDate "2015.02.24"]
[PlyCount "65"]

1.d4 d5 2.Nf3 Nf6 3.c4 c6 4.e3 e6 5.Nc3 Nbd7 6.Qc2 Bd6 7.Bd3 O-O 8.e4 dxe4
9.Nxe4 Nxe4 10.Bxe4 Bb4+ 11.Kf1 h6 12.g4 Nf6 13.g5 hxg5 14.Bxg5 Be7 15.Rg1
Nxe4 16.Qxe4 Bf6 17.Qh4 Bxg5 18.Nxg5 Re8 19.Qh7+ Kf8 20.Qh8+ Ke7 21.Qxg7 
Qd6 22.Nxf7 Qxh2 23.c5 Qh3+ 24.Ke1 Qh4 25.Nd6+ Kd8 26.Nxe8 Qe4+ 27.Kf1 
Qd3+ 28.Kg2 Kxe8 29.Kh2 e5 30.Qxe5+ Kf8 31.Qg7+ Ke8 32.Rae1+ Kd8 33.Qe7# 
1-0

[Event "16th EUR-ch"]
[Site "Jerusalem ISR"]
[Date "2015.03.06"]
[Round "10"]
[White "Samarin, Leonid"]
[Black "Saadon, Netanel"]
[Result "0-1"]
[WhiteElo "1748"]
[BlackElo "1939"]
[EventDate "2015.02.24"]
[PlyCount "98"]

1.d4 Nf6 2.c4 c5 3.d5 b5 4.cxb5 a6 5.b6 d6 6.Nc3 g6 7.e4 Nbd7 8.b7 Bxb7 9.
f3 Bg7 10.Be3 O-O 11.Qd2 Nb6 12.Bh6 e6 13.dxe6 fxe6 14.h4 d5 15.e5 Nh5 16.
Nge2 Nc4 17.Qg5 Qxg5 18.Bxg5 Nxe5 19.Be7 Rfe8 20.Bd6 Rad8 21.Bxe5 Bxe5 22.
Na4 Bd6 23.Rc1 c4 24.b3 cxb3 25.axb3 Rc8 26.Nb6 Rxc1+ 27.Nxc1 Bb4+ 28.Kd1 
Ng3 29.Rh3 Nxf1 30.Ke2 Nd2 31.Nd3 Bc3 32.Nc5 Bc6 33.Kd3 Bb4 34.Ncd7 Bxd7 
35.Nxd7 Re7 36.Ne5 Nxb3 37.Nc6 Rb7 38.Rh1 a5 39.Kc2 Rc7 40.Kxb3 Rxc6 41.h5
d4 42.Rd1 Rc3+ 43.Kb2 d3 44.hxg6 hxg6 45.Kb1 a4 46.Kb2 a3+ 47.Ka1 d2 48.
Kb1 a2+ 49.Kb2 Rc1 0-1

[Event "16th EUR-ch"]
[Site "Jerusalem ISR"]
[Date "2015.03.06"]
[Round "10"]
[White "Iliaguev, Daniel"]
[Black "Landa, Alex"]
[Result "0-1"]
[WhiteElo "1813"]
[BlackElo "1905"]
[EventDate "2015.02.24"]
[PlyCount "98"]

1.e4 c5 2.Nf3 d6 3.d4 cxd4 4.Qxd4 a6 5.c4 Nc6 6.Qd2 Nf6 7.Nc3 g6 8.b3 Bg7 
9.Bb2 O-O 10.Be2 b6 11.O-O Bb7 12.Bd3 e6 13.Bc2 Qc7 14.Rfd1 Rfd8 15.Ba3 
Ne8 16.Rac1 Ne5 17.Nd4 Rac8 18.Bb1 Qb8 19.f4 Nd7 20.f5 Nf8 21.fxe6 fxe6 
22.Nf3 Ba8 23.Ne2 d5 24.Qe3 Nf6 25.exd5 exd5 26.Bxf8 Kxf8 27.Ned4 Re8 28.
Qd2 dxc4 29.bxc4 Qd6 30.Ng5 Kg8 31.Nde6 Qxd2 32.Rxd2 Bh6 33.Rf2 Ng4 34.
Rfc2 Ne3 35.Rf2 Nxc4 36.Rd1 Ne3 37.Re1 Nxg2 38.Rd1 Ne3 39.Re1 Ng4 40.Rf4 
Ne3 41.Rh4 Bxg5 42.Nxg5 Rc7 43.Rh3 Rce7 44.Ne4 Nd5 45.Rh4 Kg7 46.Rc1 b5 
47.Kf2 Nf6 48.Ng3 h5 49.Rd4 Ng4+ 0-1

[Event "16th EUR-ch"]
[Site "Jerusalem ISR"]
[Date "2015.03.08"]
[Round "11"]
[White "Khismatullin, Denis"]
[Black "Najer, Evgeniy"]
[Result "1/2-1/2"]
[WhiteElo "2653"]
[BlackElo "2634"]
[EventDate "2015.02.24"]
[PlyCount "55"]

1.d4 d5 2.c4 dxc4 3.Nf3 Nf6 4.Nc3 c6 5.a4 Bf5 6.Nh4 Bc8 7.Nf3 Bf5 8.Nh4 
Bc8 9.e3 Bg4 10.Nf3 e6 11.h3 Bh5 12.g4 Bg6 13.Ne5 Nbd7 14.Nxc4 h5 15.g5 
Ne4 16.h4 Bb4 17.Bg2 Nxc3 18.bxc3 Bxc3+ 19.Bd2 Bxd2+ 20.Qxd2 O-O 21.O-O f6
22.f4 Nb6 23.Na5 Qe7 24.Qe2 Rae8 25.Bf3 Qf7 26.Kh2 e5 27.fxe5 fxe5 28.Qa2 
1/2-1/2

[Event "16th EUR-ch"]
[Site "Jerusalem ISR"]
[Date "2015.03.08"]
[Round "11"]
[White "Navara, David"]
[Black "Cheparinov, Ivan"]
[Result "1/2-1/2"]
[WhiteElo "2735"]
[BlackElo "2681"]
[EventDate "2015.02.24"]
[PlyCount "88"]

1.d4 Nf6 2.c4 e6 3.Nc3 Bb4 4.e3 O-O 5.Ne2 d5 6.a3 Bd6 7.c5 Be7 8.b4 b6 9.
Nf4 a5 10.Bb2 axb4 11.axb4 Rxa1 12.Bxa1 Nc6 13.b5 Nxd4 14.exd4 bxc5 15.
dxc5 Bxc5 16.Bd3 d4 17.Ne4 Bb4+ 18.Kf1 Bb7 19.Qb1 Bxe4 20.Bxe4 Bd6 21.Ne2 
Nxe4 22.Qxe4 e5 23.f4 Re8 24.h4 Qd7 25.Qc6 Qxc6 26.bxc6 d3 27.fxe5 dxe2+ 
28.Kxe2 Bxe5 29.Kd3 Bd6 30.h5 f6 31.h6 Re6 32.Kc4 Kf7 33.hxg7 Kxg7 34.Kd5 
Re2 35.Rf1 Be5 36.Bxe5 Rxe5+ 37.Kc4 Kf7 38.Rd1 h5 39.Rd7+ Re7 40.Rd8 Ke6 
41.Kb5 Rg7 42.Re8+ Kf5 43.Ka6 Rxg2 44.Re7 h4 1/2-1/2

[Event "16th EUR-ch"]
[Site "Jerusalem ISR"]
[Date "2015.03.08"]
[Round "11"]
[White "Korobov, Anton"]
[Black "Volokitin, Andrei"]
[Result "1/2-1/2"]
[WhiteElo "2687"]
[BlackElo "2646"]
[EventDate "2015.02.24"]
[PlyCount "21"]

1.d4 Nf6 2.c4 g6 3.Nf3 Bg7 4.g3 c6 5.Bg2 d5 6.cxd5 cxd5 7.O-O O-O 8.Ne5 
Ng4 9.Nf3 Nf6 10.Ne5 Ng4 11.Nf3 1/2-1/2

[Event "16th EUR-ch"]
[Site "Jerusalem ISR"]
[Date "2015.03.08"]
[Round "11"]
[White "Popov, Ivan"]
[Black "Sjugirov, Sanan"]
[Result "1/2-1/2"]
[WhiteElo "2639"]
[BlackElo "2678"]
[EventDate "2015.02.24"]
[PlyCount "31"]

1.e4 e5 2.Nf3 Nc6 3.Bb5 Nf6 4.O-O Nxe4 5.Re1 Nd6 6.Nxe5 Nxe5 7.Rxe5+ Be7 
8.Bf1 O-O 9.Nc3 Ne8 10.Nd5 Bd6 11.Re1 c6 12.Ne3 Bc7 13.Nf5 d5 14.Ne7+ Kh8 
15.Nxc8 Rxc8 16.d3 1/2-1/2

[Event "16th EUR-ch"]
[Site "Jerusalem ISR"]
[Date "2015.03.08"]
[Round "11"]
[White "Laznicka, Viktor"]
[Black "Vovk, Yuri"]
[Result "1/2-1/2"]
[WhiteElo "2670"]
[BlackElo "2588"]
[EventDate "2015.02.24"]
[PlyCount "28"]

1.Nf3 Nf6 2.c4 g6 3.Nc3 d5 4.cxd5 Nxd5 5.Qb3 Nb6 6.d4 Bg7 7.Bf4 Be6 8.Qa3 
Nc6 9.e3 O-O 10.Be2 a5 11.O-O Nb4 12.Rfc1 c6 13.b3 N6d5 14.Nxd5 Bxd5 
1/2-1/2

[Event "16th EUR-ch"]
[Site "Jerusalem ISR"]
[Date "2015.03.08"]
[Round "11"]
[White "Sargissian, Gabriel"]
[Black "Can, Emre"]
[Result "1/2-1/2"]
[WhiteElo "2668"]
[BlackElo "2555"]
[EventDate "2015.02.24"]
[PlyCount "63"]

1.d4 Nf6 2.c4 g6 3.Nc3 Bg7 4.e4 d6 5.Nf3 O-O 6.h3 Na6 7.Be3 c5 8.d5 e6 9.
Bd3 exd5 10.exd5 Nc7 11.a4 Nd7 12.O-O Ne5 13.Nxe5 Bxe5 14.Qd2 f5 15.Bh6 
Rf7 16.Bf4 Bxf4 17.Qxf4 Qf6 18.Nb5 Nxb5 19.axb5 a5 20.bxa6 Rxa6 21.Rxa6 
bxa6 22.Re1 Re7 23.Rxe7 Qxe7 24.Qd2 Qd8 25.g3 Bd7 26.h4 Kg7 27.b4 cxb4 28.
Qxb4 Qe7 29.Qb7 f4 30.gxf4 Kh6 31.Qb6 Qxh4 32.Qxd6 1/2-1/2

[Event "16th EUR-ch"]
[Site "Jerusalem ISR"]
[Date "2015.03.08"]
[Round "11"]
[White "Motylev, Alexander"]
[Black "Iljiushenok, Ilia"]
[Result "1/2-1/2"]
[WhiteElo "2665"]
[BlackElo "2450"]
[EventDate "2015.02.24"]
[PlyCount "46"]

1.e4 e6 2.d4 d5 3.Nc3 Nf6 4.e5 Nfd7 5.f4 c5 6.Nf3 Nc6 7.Be3 cxd4 8.Nxd4 
Qb6 9.Qd2 Qxb2 10.Rb1 Qa3 11.Bb5 Nxd4 12.Bxd4 a6 13.Bxd7+ Bxd7 14.Rb3 Qe7 
15.Rxb7 Rc8 16.f5 Qh4+ 17.g3 Qg4 18.Rf1 Be7 19.Rf4 Qh5 20.Be3 Bc6 21.Rxe7+
Kxe7 22.Qd4 Rhd8 23.Qc5+ Kd7 1/2-1/2

[Event "16th EUR-ch"]
[Site "Jerusalem ISR"]
[Date "2015.03.08"]
[Round "11"]
[White "Moiseenko, Alexander"]
[Black "Zubov, Alexander"]
[Result "1-0"]
[WhiteElo "2695"]
[BlackElo "2607"]
[EventDate "2015.02.24"]
[PlyCount "76"]

1.d4 Nf6 2.c4 e6 3.Nc3 Bb4 4.Nf3 b6 5.Bg5 Bb7 6.Nd2 Nc6 7.e3 Ne7 8.Bxf6 
gxf6 9.Qb3 Bxc3 10.Qxc3 Rg8 11.d5 exd5 12.Qxf6 Ng6 13.Qxd8+ Rxd8 14.cxd5 
Bxd5 15.f3 f5 16.Kf2 Kf7 17.Be2 Ne5 18.h3 Be6 19.f4 Ng6 20.g4 d5 21.Nf3 h6
22.Bd3 Ne7 23.g5 c5 24.Rag1 hxg5 25.fxg5 d4 26.exd4 Nc6 27.h4 Nxd4 28.Ne5+
Ke7 29.h5 Bd5 30.Rh3 Ke6 31.Re3 Be4 32.Ng6 Rxg6 33.hxg6 Kd5 34.Bxe4+ fxe4 
35.Rg4 Rg8 36.Rexe4 Rxg6 37.Re7 a5 38.Rh7 Ne6 1-0

[Event "16th EUR-ch"]
[Site "Jerusalem ISR"]
[Date "2015.03.08"]
[Round "11"]
[White "Kryvoruchko, Yuriy"]
[Black "Goganov, Aleksey"]
[Result "1/2-1/2"]
[WhiteElo "2692"]
[BlackElo "2605"]
[EventDate "2015.02.24"]
[PlyCount "108"]

1.e4 e5 2.Nf3 Nc6 3.Bc4 Bc5 4.c3 Nf6 5.d3 a6 6.O-O Ba7 7.h3 O-O 8.Re1 d6 
9.Bb3 Be6 10.Nbd2 Re8 11.Nf1 h6 12.Bc2 d5 13.exd5 Bxd5 14.Ng3 Qd7 15.b4 
Re6 16.a4 Qe8 17.Be3 Bxe3 18.Rxe3 Rd8 19.Qe1 Bxf3 20.Rxf3 Ne7 21.Bb3 Ned5 
22.Ne4 Re7 23.Nxf6+ Nxf6 24.Re3 Kf8 25.g3 Nd5 26.Re2 Qc6 27.c4 Nf6 28.Rxe5
Rxe5 29.Qxe5 Rxd3 30.Bc2 Rd2 31.Re1 Qd6 32.Qc3 Qd4 33.Re3 Qxc3 34.Rxc3 Rd4
35.Kf1 Nd7 36.Ke2 c5 37.Ke3 cxb4 38.Kxd4 bxc3 39.Kxc3 Ke7 40.a5 Nc5 41.Bd1
Kd6 42.Bf3 Kc7 43.Bd5 f6 44.f4 b6 45.Kb4 f5 46.Bg2 Ne4 47.g4 Nc5 48.gxf5 
Nd3+ 49.Ka4 Nxf4 50.Bf1 Kc6 51.Kb4 Kc7 52.Ka4 Kc6 53.Kb4 Kc7 54.Ka4 Kc6 
1/2-1/2

[Event "16th EUR-ch"]
[Site "Jerusalem ISR"]
[Date "2015.03.08"]
[Round "11"]
[White "Nabaty, Tamir"]
[Black "Alekseev, Evgeny"]
[Result "1-0"]
[WhiteElo "2585"]
[BlackElo "2677"]
[EventDate "2015.02.24"]
[PlyCount "149"]

1.c4 e6 2.Nc3 d5 3.d4 Bb4 4.cxd5 exd5 5.Bf4 c6 6.e3 Ne7 7.Bd3 Bf5 8.Nf3 
O-O 9.O-O Bxd3 10.Qxd3 Ng6 11.Bg3 Nd7 12.a3 Be7 13.Rfd1 Re8 14.Qf5 Nb6 15.
Ne5 Rf8 16.Nd3 Nc4 17.b3 Nd6 18.Qh5 Re8 19.Nc5 Qc8 20.h3 Nf5 21.Bh2 Bd6 
22.Bxd6 Nxd6 23.Rac1 Qd8 24.b4 a6 25.a4 Nh4 26.b5 g6 27.Qg4 axb5 28.axb5 
h5 29.Qf4 g5 30.Qg3 Ndf5 31.Qh2 Qe7 32.Qe5 Qd8 33.Qh2 Qe7 34.b6 Ra3 35.Qe5
Nd6 36.e4 Qd8 37.exd5 Rxe5 38.dxe5 Qxb6 39.Nd7 Qb4 40.exd6 Qxd6 41.Ne4 Qb4
42.Ndf6+ Kg7 43.d6 Ra8 44.d7 Rd8 45.Rc5 Ng6 46.Nxh5+ Kf8 47.Nhf6 Qa4 48.
Re1 Qb4 49.Rcc1 Kg7 50.Rb1 Qd4 51.Rbd1 Qb4 52.Re3 Nf4 53.Kh2 Ne6 54.Rg3 
Qa4 55.Rd2 Qa5 56.Rd6 Kf8 57.f4 Ke7 58.Rxe6+ Kxe6 59.Rxg5 Qc7 60.Re5+ Qxe5
61.fxe5 Kxe5 62.h4 c5 63.h5 c4 64.h6 c3 65.h7 c2 66.Ne8 c1=Q 67.h8=Q+ Kxe4
68.Nf6+ Kf5 69.Qxd8 Qf4+ 70.Kh3 Qe3+ 71.g3 Qh6+ 72.Nh5 Qxh5+ 73.Qh4 Qd1 
74.g4+ Ke6 75.d8=Q 1-0

[Event "16th EUR-ch"]
[Site "Jerusalem ISR"]
[Date "2015.03.08"]
[Round "11"]
[White "Stefansson, Hannes"]
[Black "Grachev, Boris"]
[Result "0-1"]
[WhiteElo "2573"]
[BlackElo "2670"]
[EventDate "2015.02.24"]
[PlyCount "62"]

1.d4 Nf6 2.c4 b6 3.Nc3 Bb7 4.Qc2 d5 5.cxd5 Nxd5 6.e4 Nxc3 7.bxc3 e5 8.dxe5
Qe7 9.Nf3 Nd7 10.Bb5 O-O-O 11.O-O Nxe5 12.Nd4 a6 13.Nf5 Qf6 14.Be2 Bc5 15.
Be3 Bxe3 16.Nxe3 Qc6 17.Nd5 Qc5 18.Qa4 c6 19.Ne3 a5 20.Qc2 Rd7 21.Rab1 
Rhd8 22.Qb3 Rd2 23.Nc4 Nxc4 24.Bxc4 Kc7 25.a4 f6 26.Rbe1 Bc8 27.Re3 Bg4 
28.Ba6 Rxf2 29.Qf7+ Rd7 30.Qxd7+ Bxd7 31.Kxf2 b5 0-1

[Event "16th EUR-ch"]
[Site "Jerusalem ISR"]
[Date "2015.03.08"]
[Round "11"]
[White "Kuzubov, Yuriy"]
[Black "Brkic, Ante"]
[Result "0-1"]
[WhiteElo "2667"]
[BlackElo "2586"]
[EventDate "2015.02.24"]
[PlyCount "88"]

1.e4 e5 2.Nf3 Nc6 3.Bb5 a6 4.Bxc6 dxc6 5.O-O Bd6 6.d4 exd4 7.Qxd4 f6 8.Be3
Ne7 9.Nbd2 Be6 10.Qc3 Qd7 11.Nb3 b6 12.Rad1 c5 13.Bf4 O-O 14.Rfe1 Rad8 15.
Nc1 Ng6 16.Bg3 Rfe8 17.Ne2 Bf7 18.Nf4 Nxf4 19.Bxf4 Qg4 20.Bxd6 cxd6 21.Qd3
b5 22.h3 Qc8 23.Nh4 d5 24.exd5 Rxd5 25.Qg3 Qd7 26.Rxe8+ Bxe8 27.Rxd5 Qxd5 
28.Qb8 Kf7 29.Qa7+ Bd7 30.Qxa6 Qd1+ 31.Kh2 Qxc2 32.Qd6 Ke8 33.Qb8+ Ke7 34.
Qg3 g5 35.Qe3+ Kd6 36.Nf3 Qxb2 37.Qd3+ Kc7 38.Qxh7 Qxa2 39.Qe7 Qd5 40.Qxf6
Qd6+ 41.Qxd6+ Kxd6 42.Nxg5 b4 43.Ne4+ Kd5 44.Nf6+ Kd4 0-1

[Event "16th EUR-ch"]
[Site "Jerusalem ISR"]
[Date "2015.03.08"]
[Round "11"]
[White "Akopian, Vladimir"]
[Black "Ipatov, Alexander"]
[Result "0-1"]
[WhiteElo "2660"]
[BlackElo "2592"]
[EventDate "2015.02.24"]
[PlyCount "138"]

1.e4 e5 2.Nf3 Nf6 3.Nxe5 d6 4.Nf3 Nxe4 5.d4 d5 6.Bd3 Bd6 7.O-O O-O 8.c4 c6
9.Re1 Bf5 10.Qc2 Na6 11.a3 Bg6 12.c5 Bb8 13.Nc3 f5 14.Ne2 Nc7 15.Bf4 Ne6 
16.Bxb8 Qxb8 17.Nh4 Qd8 18.Nxg6 hxg6 19.f3 N4g5 20.b4 Kf7 21.Rf1 Rh8 22.f4
Ne4 23.Bxe4 dxe4 24.Qb3 Qf6 25.Rad1 Rhd8 26.b5 Rac8 27.Rd2 Rd7 28.Rfd1 
Rcd8 29.bxc6 bxc6 30.h3 Ke8 31.d5 Nxc5 32.Qe3 Nb7 33.Nc3 Na5 34.Rd4 cxd5 
35.Nxd5 Qd6 36.Qc3 Nb7 37.Rc4 Qe6 38.Rc6 Qf7 39.Rc7 Rxd5 40.Qc6+ R8d7 41.
Rxd5 Qxd5 42.Qxd5 Rxd5 43.Rxb7 Rd7 44.Rb5 Ke7 45.Ra5 Kd6 46.Kf2 Rb7 47.
Ra6+ Kd5 48.Rxg6 a5 49.a4 Kd4 50.Rd6+ Kc5 51.Rg6 Kb4 52.g4 fxg4 53.hxg4 
Kxa4 54.Ke3 Kb3 55.f5 a4 56.f6 gxf6 57.Rxf6 a3 58.g5 Ra7 59.Rb6+ Kc4 60.
Rb1 Rg7 61.Rc1+ Kb3 62.Rb1+ Kc3 63.Rc1+ Kb2 64.Rc5 a2 65.Rb5+ Kc3 66.Ra5 
Kb3 67.Kf4 e3 68.Rb5+ Ka4 69.Rb8 Ra7 0-1

[Event "16th EUR-ch"]
[Site "Jerusalem ISR"]
[Date "2015.03.08"]
[Round "11"]
[White "Nisipeanu, Liviu-Dieter"]
[Black "Kantarji, Pinchas"]
[Result "1-0"]
[WhiteElo "2654"]
[BlackElo "2420"]
[EventDate "2015.02.24"]
[PlyCount "97"]

1.e4 e5 2.Nf3 Nc6 3.Bb5 a6 4.Ba4 Nf6 5.d3 d6 6.c3 b5 7.Bc2 Be7 8.O-O O-O 
9.Nbd2 Re8 10.Re1 Bf8 11.Nf1 g6 12.Ng3 Bg7 13.h3 Bb7 14.d4 Na5 15.a4 exd4 
16.cxd4 c5 17.d5 Nd7 18.Rb1 c4 19.Bg5 Qc7 20.Bd2 Qb6 21.b4 cxb3 22.Bxb3 
Nxb3 23.Rxb3 Nc5 24.Rb1 Bc8 25.Be3 Bd7 26.Bd4 f6 27.Qd2 Qd8 28.axb5 axb5 
29.Bc3 Ra4 30.Nd4 Qb6 31.Kh2 Rea8 32.f4 Ra2 33.Rb2 Rxb2 34.Bxb2 Ra2 35.Ra1
Qa6 36.Rxa2 Qxa2 37.f5 Na4 38.Qa5 Qxb2 39.Qd8+ Bf8 40.Ne6 Bxe6 41.fxe6 Qe5
42.Qe8 h5 43.h4 Nc3 44.Qf7+ Kh8 45.Qxf8+ Kh7 46.Qf7+ Kh6 47.Qg8 g5 48.Qh8+
Kg6 49.e7 1-0

[Event "16th EUR-ch"]
[Site "Jerusalem ISR"]
[Date "2015.03.08"]
[Round "11"]
[White "Michalik, Peter"]
[Black "Smirin, Ilia"]
[Result "0-1"]
[WhiteElo "2576"]
[BlackElo "2650"]
[EventDate "2015.02.24"]
[PlyCount "136"]

1.d4 d6 2.Nf3 Nf6 3.g3 g6 4.Bg2 Bg7 5.O-O O-O 6.c4 Nc6 7.Nc3 Bf5 8.d5 Na5 
9.Nd2 c6 10.b4 Nxc4 11.Nxc4 Nxd5 12.Nxd5 Bxa1 13.Bh6 Bg7 14.Bxg7 Kxg7 15.
Nf4 e5 16.e4 Bxe4 17.Bxe4 exf4 18.Qxd6 fxg3 19.hxg3 b5 20.Qxd8 Raxd8 21.
Na5 Rd4 22.Bf3 Rxb4 23.Nxc6 Rb2 24.Nxa7 Rd8 25.a3 Rd3 26.Bc6 Rc3 27.Ra1 
Rcc2 28.Rf1 f5 29.Bg2 Rc3 30.Ra1 Rcc2 31.Rf1 Rc4 32.Re1 f4 33.Nxb5 fxg3 
34.fxg3 Rg4 35.Bf1 Rxg3+ 36.Kh1 Rg4 37.Nd6 Rb6 38.Nc4 Rf6 39.Nd2 Rd4 40.
Nb3 Ra4 41.Kg2 Rg4+ 42.Kh1 Rf3 43.Nd2 Rxa3 44.Bg2 Ra2 45.Re7+ Kh6 46.Rd7 
Rb4 47.Nf1 Rbb2 48.Ne3 Re2 49.Rd3 Kg5 50.Kh2 Rad2 51.Rxd2 Rxd2 52.Kg3 h5 
53.Kf3 Kh4 54.Bf1 Rd6 55.Ng2+ Kg5 56.Kg3 Rb6 57.Be2 Rb4 58.Bf3 Rb3 59.Kf2 
h4 60.Be4 Rb2+ 61.Ke3 h3 62.Ne1 h2 63.Nf3+ Kh5 64.Ne5 g5 65.Nd3 Rb1 66.Nf2
Re1+ 67.Kd2 Rxe4 68.Nxe4 Kh4 0-1

[Event "16th EUR-ch"]
[Site "Jerusalem ISR"]
[Date "2015.03.08"]
[Round "11"]
[White "Zhigalko, Andrey"]
[Black "Khairullin, Ildar"]
[Result "1/2-1/2"]
[WhiteElo "2572"]
[BlackElo "2629"]
[EventDate "2015.02.24"]
[PlyCount "94"]

1.c4 e5 2.g3 Nf6 3.Nc3 Bb4 4.Nf3 Bxc3 5.bxc3 e4 6.Nd4 O-O 7.Bg2 c5 8.Nc2 
d5 9.d3 Be6 10.Rb1 Nbd7 11.O-O exd3 12.exd3 Nb6 13.d4 Nxc4 14.dxc5 Qc8 15.
Ne3 Qxc5 16.Rxb7 Nb6 17.Qd4 Qc6 18.Re7 Qd6 19.Qb4 Qc6 20.c4 Nc8 21.cxd5 
Nxd5 22.Nxd5 Bxd5 23.Bxd5 Qxd5 24.Rc7 Nd6 25.Bf4 Ne4 26.Re1 Rfe8 27.Qb7 
Nc3 28.Rxe8+ Rxe8 29.Qxd5 Nxd5 30.Rxa7 Nxf4 31.gxf4 g6 32.Ra4 Kg7 33.Rd4 
Re2 34.a4 Ra2 35.Kg2 Ra3 36.f3 Ra2+ 37.Kg3 h5 38.h3 Ra1 39.Kg2 Ra2+ 40.Kg3
Ra1 41.Rc4 Ra2 42.f5 g5 43.h4 f6 44.Rc7+ Kh6 45.Ra7 Ra1 46.a5 gxh4+ 47.
Kxh4 Ra4+ 1/2-1/2

[Event "16th EUR-ch"]
[Site "Jerusalem ISR"]
[Date "2015.03.08"]
[Round "11"]
[White "Kempinski, Robert"]
[Black "Mchedlishvili, Mikheil"]
[Result "1-0"]
[WhiteElo "2625"]
[BlackElo "2586"]
[EventDate "2015.02.24"]
[PlyCount "75"]

1.d4 Nf6 2.c4 g6 3.g3 Bg7 4.Bg2 d5 5.cxd5 Nxd5 6.e4 Nb6 7.Ne2 c5 8.d5 O-O 
9.O-O e6 10.Nec3 Na6 11.a4 Nb4 12.Be3 Bd4 13.Bxd4 cxd4 14.Na2 Nxa2 15.Rxa2
e5 16.f4 f6 17.b3 Bd7 18.Raf2 Qe7 19.a5 Nc8 20.fxe5 Qxe5 21.Nd2 d3 22.Nc4 
Qd4 23.Qa1 Qxa1 24.Rxa1 Bb5 25.Rd1 Bxc4 26.bxc4 Nd6 27.c5 Nc4 28.a6 b6 29.
c6 Ne5 30.Rfd2 Kf7 31.Rxd3 Nxd3 32.Rxd3 Rac8 33.e5 fxe5 34.d6 Rfd8 35.c7 
Rxd6 36.Rxd6 Rxc7 37.Bh3 Rc1+ 38.Kf2 1-0

[Event "16th EUR-ch"]
[Site "Jerusalem ISR"]
[Date "2015.03.08"]
[Round "11"]
[White "Alexandrov, Alexei"]
[Black "Riazantsev, Alexander"]
[Result "1/2-1/2"]
[WhiteElo "2603"]
[BlackElo "2688"]
[EventDate "2015.02.24"]
[PlyCount "31"]

1.d4 e6 2.c4 Nf6 3.Nc3 Bb4 4.e3 O-O 5.Bd3 c5 6.Nf3 d5 7.O-O cxd4 8.exd4 
dxc4 9.Bxc4 a6 10.a3 Bxc3 11.bxc3 Qc7 12.Qe2 Nbd7 13.Bd2 b6 14.Bd3 Bb7 15.
Rfe1 Rfe8 16.c4 1/2-1/2

[Event "16th EUR-ch"]
[Site "Jerusalem ISR"]
[Date "2015.03.08"]
[Round "11"]
[White "Hovhannisyan, Robert"]
[Black "Zhigalko, Sergei"]
[Result "1-0"]
[WhiteElo "2592"]
[BlackElo "2675"]
[EventDate "2015.02.24"]
[PlyCount "89"]

1.e4 e5 2.Nf3 Nc6 3.Nc3 Nf6 4.d4 exd4 5.Nxd4 Bb4 6.Nxc6 bxc6 7.Bd3 d5 8.
exd5 cxd5 9.O-O O-O 10.h3 Re8 11.Qf3 c6 12.Bf4 Bd6 13.Rfe1 Rxe1+ 14.Rxe1 
Be6 15.Ne2 c5 16.b3 Rb8 17.Bxd6 Qxd6 18.Nf4 Bd7 19.c4 d4 20.Nd5 Nxd5 21.
Qxd5 Qxd5 22.cxd5 g6 23.Kf1 a5 24.Rc1 Rc8 25.Ba6 Rc7 26.Ke2 Kg7 27.d6 Ra7 
28.Bd3 Kf6 29.Rxc5 Ke6 30.Bc4+ Kxd6 31.Rd5+ Kc6 32.Rxd4 Kc5 33.Rh4 Bc6 34.
Rxh7 Bxg2 35.Rxf7 Rxf7 36.Bxf7 Bxh3 37.Bxg6 Kb4 38.f4 Ka3 39.Kd2 Kxa2 40.
Kc3 Be6 41.Bc2 Ka3 42.f5 Bf7 43.f6 Bg8 44.Bd3 Bxb3 45.Bc4 1-0